| 000 | 00644nam a2200205 a 4500 | ||
|---|---|---|---|
| 005 | 20210223133410.0 | ||
| 008 | 170912s2006 ea r 000 0 spa d | ||
| 020 | _a1404274375 | ||
| 035 | _aUPN01000220430 | ||
| 049 | _aI | ||
| 050 | 4 |
_aQL737 C4 _bD5.2 |
|
| 100 | 1 |
_aDiamond, Claudia C., _d1972- _942774 |
|
| 245 | 1 | 0 |
_aBallenas / _cClaudia C. Diamond ; tr. José María Obregón. |
| 260 |
_aNew York : _bRosen Classroom Books & Materials, _c2006. |
||
| 300 |
_a8 p. : _bprincipalmente il. col. |
||
| 440 | 0 | _aRosen real readers en español | |
| 650 | 4 |
_aBALLENAS - _vLITERATURA INFANTIL _925481 |
|
| 905 | _aInfantil | ||
| 999 |
_c192529 _d192529 |
||